Geography Quiz

Random Geography or City Quiz

That's Not in Europe! Quiz Stats

Quiz Updated Nov 11, 2014

Challenge
Share
Tweet
Embed
Score 0/20 Timer 04:00
0 Plays Today
Group Answer % Correct
Paris, Toronto, London, Madrid???
99.5%
Tokyo, Lisbon, Oslo, Copenhagen???
99.3%
Seoul, Dublin, Hamburg, Monaco???
98.5%
Berlin, Bangkok, Bergen, Lyon???
96.8%
Budapest, Prague, Rome, Canberra???
96.1%
Milan, Athens, Brno, Havana???
95.6%
Dakar, Porto, Miskolc, Espoo???
83.7%
Tampere, Antwerpen, Pak Kret, Gent???
80.6%
Nikšić, Bogotá, Maribor, Odense???
80%
Dudelange, Beirut, Galway, Mosta???
77%
Group Answer % Correct
Cork, Ibadan, Graz, Celje???
70.8%
Apia, Cardiff, Schaan, Bucharest???
70.4%
Pljevlja, Amadora, Helsinki, Porto Novo???
69.9%
Nonthaburi, Varna, Naples, Frankfurt???
68.8%
Daugavpils, Elbasan, Birkirkara, Dili???
65%
Ostrava, Homs, Rotterdam, Basel???
63.2%
Munich, Qormi, Kyiv, Luanda???
62.6%
Ganja, Dogana, Pristina, Tartu???
61.3%
Mogilev, Encamp, Jounieh, Vienna???
54.3%
Suva, Cahul, Bilbao, Bitola???
52%

You're not logged in!

Compare scores with friends on all Sporcle quizzes.
Join for Free
OR
Log In

You Might Also Like...

Show Comments

Extras

Top Quizzes Today


Score Distribution

Your Account Isn't Verified!

In order to create a playlist on Sporcle, you need to verify the email address you used during registration. Go to your Sporcle Settings to finish the process.

Report this User

Report this user for behavior that violates our Community Guidelines.

Details: